[Event "Central America-ch (Women) 24th"]
[Site "San Salvador"]
[Date "2023.01.21"]
[Round "10"]
[White "Mejia, Camila"]
[Black "Sagastegui, Thamara"]
[Result "0-1"]
[WhiteElo "1275"]
[BlackElo "1408"]
[PlyCount "48"]
[EventDate "2023.01.21"]
[EventType "swiss"]
[EventRounds "11"]
[EventCountry "ESA"]
[SourceTitle "CBM 212 Extra"]
[Source "ChessBase"]
[SourceDate "2023.03.31"]
[SourceVersion "1"]
[SourceVersionDate "2023.03.31"]
[SourceQuality "1"]

1. e4 e5 2. Nf3 Nc6 3. Nc3 Nf6 4. Bb5 d6 5. d3 h6 6. 0-0 Bd7 7. Be3 a6 8. Ba4 Na5 9. Bxd7+ Qxd7 10. Qd2 Nc6 11. d4 Be7 12. Rad1 Rd8 13. dxe5 dxe5 14. Qxd7+ Rxd7 15. Rxd7 Kxd7 16. Rd1+ Kc8 17. Nd5 Re8 18. Nh4 Nxe4 19. Nf5 Bf8 20. f4 Nd6 21. Nxd6+ Bxd6 22. fxe5 Bxe5 23. Nc3 Bxc3 24. Bxh6 Bd4+ 0-1

[Event "Central America-ch (Women) 24th"]
[Site "San Salvador"]
[Date "2023.01.21"]
[Round "2"]
[White "Sagastegui, Thamara"]
[Black "Argote Heredia, Valentina"]
[Result "0-1"]
[WhiteElo "1408"]
[BlackElo "2030"]
[PlyCount "62"]
[EventDate "2023.01.21"]
[EventType "swiss"]
[EventRounds "11"]
[EventCountry "ESA"]
[SourceTitle "CBM 212 Extra"]
[Source "ChessBase"]
[SourceDate "2023.03.31"]
[SourceVersion "1"]
[SourceVersionDate "2023.03.31"]
[SourceQuality "1"]

1. e4 c5 2. c3 Nf6 3. e5 Nd5 4. d4 cxd4 5. cxd4 e6 6. Nf3 d6 7. Bd2 Nc6 8. Nc3 Be7 9. Nxd5 exd5 10. Bc3 0-0 11. h3 Be6 12. Bd3 g6 13. 0-0 dxe5 14. Nxe5 Nxe5 15. dxe5 d4 16. Bd2 Rc8 17. Rc1 Rxc1 18. Bxc1 Bc5 19. b3 a6 20. Bb2 Bd5 21. Qd2 Qh4 22. Rc1 Ba7 23. Ba3 Re8 24. Qa5 Bc6 25. Qc7 Bb8 26. Qa5 Bxe5 27. Re1 Qg5 28. g3 Qh5 29. h4 Qf3 30. Kf1 Qg2+ 31. Ke2 Bc7+ 0-1

[Event "Olympiad Women-44"]
[Site "Chennai"]
[Date "2022.08.09"]
[Round "11.3"]
[White "Sagastegui, Thamara"]
[Black "Alazmi, Aeshah"]
[Result "0-1"]
[WhiteElo "1362"]
[BlackElo "1256"]
[PlyCount "114"]
[EventDate "2022.07.29"]
[EventType "team-swiss"]
[EventRounds "11"]
[EventCountry "IND"]
[SourceTitle "CBM 210"]
[Source "ChessBase"]
[SourceDate "2022.10.31"]
[SourceVersion "1"]
[SourceVersionDate "2022.10.31"]
[SourceQuality "1"]
[WhiteTeam "Aruba (W)"]
[BlackTeam "Kuwait (W)"]
[WhiteTeamCountry "ARN"]
[BlackTeamCountry "KUW"]

1. e4 e5 2. Nf3 Nc6 3. Nc3 Nf6 4. d4 exd4 5. Nxd4 Nxd4 6. Qxd4 d6 7. Bf4 Be7 8. h3 0-0 9. Be2 Be6 10. 0-0-0 a6 11. Bc4 Qd7 12. Bxe6 Qxe6 13. Kb1 Rfd8 14. Nd5 Nxd5 15. exd5 Qg6 16. f3 Bf6 17. Qd2 Re8 18. g4 Be5 19. Bxe5 dxe5 20. f4 exf4 21. Qxf4 Qd6 22. Qxd6 cxd6 23. Rhe1 g5 24. Kc1 Kg7 25. Kd2 Kg6 26. c4 b6 27. b3 a5 28. a3 h5 29. gxh5+ Kxh5 30. Rf1 Kg6 31. Rf3 f5 32. Rg1 Kf6 33. Rfg3 Rg8 34. Rf1 Rae8 35. Rgf3 Re5 36. Rg1 Rh8 37. Rfg3 Rg8 38. Rf3 Re4 39. Rgf1 f4 40. Kd3 Rge8 41. h4 Re3+ 42. Kd2 Rxf3 43. Rxf3 Kf5 44. hxg5 Kxg5 45. b4 Kg4 46. Rd3 f3 47. Re3 f2 48. Rxe8 f1Q 49. Rg8+ Kh5 50. Rc8 Qf2+ 51. Kc1 Qe3+ 52. Kb2 a4 53. Rh8+ Kg6 54. Rg8+ Kh7 55. Rg2 Qb3+ 56. Kc1 Qxc4+ 57. Kb2 Qb3+ 0-1

[Event "Olympiad Women-44"]
[Site "Chennai"]
[Date "2022.08.02"]
[Round "5.3"]
[White "Sagastegui, Thamara"]
[Black "Alvarez Gutierrez, Patricia"]
[Result "1/2-1/2"]
[WhiteElo "1362"]
[BlackElo "1715"]
[PlyCount "71"]
[EventDate "2022.07.29"]
[EventType "team-swiss"]
[EventRounds "11"]
[EventCountry "IND"]
[SourceTitle "CBM 210"]
[Source "ChessBase"]
[SourceDate "2022.10.31"]
[SourceVersion "1"]
[SourceVersionDate "2022.10.31"]
[SourceQuality "1"]
[WhiteTeam "Aruba (W)"]
[BlackTeam "Nicaragua (W)"]
[WhiteTeamCountry "ARN"]
[BlackTeamCountry "NCA"]

1. e4 c6 2. d4 d5 3. Nc3 dxe4 4. Nxe4 Bf5 5. Ng3 Bg6 6. Nh3 Nf6 7. Nf4 e6 8. h4 e5 9. dxe5 Qa5+ 10. c3 Qxe5+ 11. Be2 Ne4 12. Nxg6 hxg6 13. f4 Qe7 14. Nxe4 Qxe4 15. Rh2 Bc5 16. Qd3 Qe7 17. g3 Nd7 18. Bd2 0-0-0 19. Qf3 Nf6 20. 0-0-0 Ne4 21. Be1 Rxd1+ 22. Bxd1 f5 23. Re2 Rd8 24. Bc2 Qd6 25. g4 Kb8 26. Bg3 Nxg3 27. Qxg3 fxg4 28. Qxg4 Be3+ 29. Kb1 Bxf4 30. Qxg6 Qd5 31. Qe4 Qd6 32. Qg6 Qxg6 33. Bxg6 Bh6 34. Re8 Rxe8 35. Bxe8 Kc7 36. Kc2 1/2-1/2

[Event "Olympiad Women-44"]
[Site "Chennai"]
[Date "2022.08.01"]
[Round "4.3"]
[White "Ranasinghe, Sachini D"]
[Black "Sagastegui, Thamara"]
[Result "1-0"]
[WhiteElo "1687"]
[BlackElo "1362"]
[PlyCount "73"]
[EventDate "2022.07.29"]
[EventType "team-swiss"]
[EventRounds "11"]
[EventCountry "IND"]
[SourceTitle "CBM 210"]
[Source "ChessBase"]
[SourceDate "2022.10.31"]
[SourceVersion "1"]
[SourceVersionDate "2022.10.31"]
[SourceQuality "1"]
[WhiteTeam "Sri Lanka (W)"]
[BlackTeam "Aruba (W)"]
[WhiteTeamCountry "SRI"]
[BlackTeamCountry "ARN"]

1. Nf3 d5 2. g3 Nf6 3. Bg2 Bf5 4. c4 c6 5. cxd5 cxd5 6. Qb3 Qb6 7. Qxb6 axb6 8. Nc3 Bd7 9. d3 e6 10. Bf4 Bc6 11. 0-0 Be7 12. a3 b5 13. Nd4 b4 14. axb4 Rxa1 15. Rxa1 0-0 16. b5 Bd7 17. Ra8 Nc6 18. Rxf8+ Kxf8 19. bxc6 bxc6 20. Nc2 c5 21. d4 c4 22. e4 Bc6 23. exd5 Nxd5 24. Nxd5 Bxd5 25. Bxd5 exd5 26. Ne3 g5 27. Bc7 Bf6 28. Bb6 Ke8 29. Nxd5 Bg7 30. Bc5 Kd7 31. Nb6+ Kc6 32. Nxc4 Kd5 33. Nd6 Bxd4 34. Bxd4 Kxd6 35. g4 Ke6 36. Kg2 f5 37. Kf3 1-0

[Event "Olympiad Women-44"]
[Site "Chennai"]
[Date "2022.07.30"]
[Round "2.3"]
[White "Sagastegui, Thamara"]
[Black "Otisitswe, Ruth"]
[Result "0-1"]
[WhiteElo "1362"]
[BlackElo "1552"]
[PlyCount "98"]
[EventDate "2022.07.29"]
[EventType "team-swiss"]
[EventRounds "11"]
[EventCountry "IND"]
[SourceTitle "CBM 210"]
[Source "ChessBase"]
[SourceDate "2022.10.31"]
[SourceVersion "1"]
[SourceVersionDate "2022.10.31"]
[SourceQuality "1"]
[WhiteTeam "Aruba (W)"]
[BlackTeam "Botswana (W)"]
[WhiteTeamCountry "ARN"]
[BlackTeamCountry "BOT"]

1. e4 e5 2. Nf3 d6 3. h3 Be7 4. Nc3 Nf6 5. d4 Nbd7 6. d5 Nc5 7. Bd3 Bd7 8. Qe2 b6 9. b4 Nxd3+ 10. Qxd3 c6 11. a4 cxd5 12. exd5 Qc7 13. 0-0 Rc8 14. Bd2 0-0 15. Rfc1 Qb7 16. Bg5 h6 17. Bxf6 Bxf6 18. Ne4 Be7 19. Ned2 f5 20. Qb3 e4 21. Nd4 Bf6 22. c3 Rfe8 23. Re1 Qc7 24. Ra3 Bxd4 25. cxd4 Qc2 26. Qxc2 Rxc2 27. Nb3 a6 28. g3 Rc4 29. Rc1 Rxb4 30. Rca1 a5 31. Nd2 Rxd4 32. R1a2 Rc8 33. Rb3 Rb8 34. f3 Bxa4 35. Re3 Bd7 36. h4 exf3 37. Rxf3 a4 38. Nb1 Rxd5 39. Nc3 Rd4 40. Ne2 Rd1+ 41. Kf2 b5 42. Nc3 Rd4 43. Ke3 Rc4 44. Kd2 b4 45. Nb1 b3 46. Ra3 Rc2+ 47. Kd1 Rbc8 48. Nd2 b2 49. Rf1 Bb5 0-1

[Event "Feria de las Flores 28th"]
[Site "Medellin"]
[Date "2021.08.08"]
[Round "8"]
[White "Loaiza Cuervo, Santiago"]
[Black "Sagastegui, Thamara"]
[Result "1-0"]
[WhiteElo "1753"]
[BlackElo "1282"]
[PlyCount "35"]
[EventDate "2021.08.04"]
[EventType "swiss"]
[EventRounds "9"]
[EventCountry "COL"]
[SourceTitle "EXT 2022"]
[Source "ChessBase"]
[SourceDate "2021.10.06"]
[SourceVersion "1"]
[SourceVersionDate "2021.10.06"]
[SourceQuality "1"]

1. e4 e5 2. Nf3 Nc6 3. Bb5 Nf6 4. 0-0 Nxe4 5. d4 Nd6 6. dxe5 Nxb5 7. a4 Nd6 8. exd6 Bxd6 9. Ng5 Qf6 10. Re1+ Be7 11. Nc3 Nb4 12. Nb5 Na6 13. Nc3 Nb4 14. Nb5 Na6 15. Ra3 Kd8 16. Rf3 Qb6 17. Nxf7+ Ke8 18. Nxh8 1-0

[Event "Aruba-ch"]
[Site "Oranjestad"]
[Date "2020.12.05"]
[Round "7"]
[White "Stetsenko, Ilya"]
[Black "Sagastegui, Thamara"]
[Result "1-0"]
[WhiteElo "1596"]
[BlackElo "1212"]
[PlyCount "53"]
[EventDate "2020.11.27"]
[EventType "tourn"]
[EventRounds "9"]
[EventCountry "ARN"]
[SourceTitle "CBM 199 Extra"]
[Source "ChessBase"]
[SourceDate "2021.01.31"]
[SourceVersion "1"]
[SourceVersionDate "2021.01.31"]
[SourceQuality "1"]

1. d4 Nf6 2. c4 b6 3. Nc3 Bb7 4. Qc2 e6 5. a3 g6 6. e4 c5 7. d5 exd5 8. cxd5 d6 9. Nf3 a6 10. a4 h6 11. Be2 Bg7 12. Nd2 g5 13. Nc4 Bf8 14. h4 gxh4 15. Qb3 Nbd7 16. Bf4 Rg8 17. Bf3 Rg6 18. Bxd6 Ra7 19. Rxh4 Nxd5 20. Rg4 Rxg4 21. Bxg4 Nxc3 22. Qxc3 Bxd6 23. Nxd6+ Ke7 24. Nf5+ Ke6 25. Nxh6+ Ke7 26. Rd1 Bc6 27. Nf5+ 1-0

[Event "Aruba-ch"]
[Site "Oranjestad"]
[Date "2020.11.29"]
[Round "4"]
[White "Sagastegui, Thamara"]
[Black "Tromp, Hubert Randolf"]
[Result "1-0"]
[WhiteElo "1212"]
[BlackElo "1609"]
[PlyCount "125"]
[EventDate "2020.11.27"]
[EventType "tourn"]
[EventRounds "9"]
[EventCountry "ARN"]
[SourceTitle "CBM 199 Extra"]
[Source "ChessBase"]
[SourceDate "2021.01.31"]
[SourceVersion "1"]
[SourceVersionDate "2021.01.31"]
[SourceQuality "1"]

1. e4 c5 2. c3 g6 3. d4 cxd4 4. cxd4 d5 5. e5 Bg7 6. Nc3 Nc6 7. h3 f6 8. exf6 exf6 9. Nf3 Nge7 10. Bb5 0-0 11. Bxc6 Nxc6 12. 0-0 Be6 13. Re1 Bf7 14. a3 Qd7 15. Be3 Rac8 16. Rc1 Rfe8 17. Bf4 a6 18. b4 Rxe1+ 19. Qxe1 Re8 20. Qd2 Bf8 21. Qb2 Bd6 22. Bxd6 Qxd6 23. Qd2 Ne7 24. g4 g5 25. Na4 Ng6 26. Re1 Rxe1+ 27. Nxe1 Nf4 28. Qe3 Qe6 29. Qxe6 Bxe6 30. Kh2 Kf8 31. Nc5 Bc8 32. Ncd3 Ne2 33. Nf3 h6 34. Kg2 Nc3 35. Nb2 Bd7 36. Kf1 Nb1 37. a4 Nc3 38. Ke1 Na2 39. Nd3 Bxa4 40. Kd2 Bb5 41. Nfe1 b6 42. Kc2 a5 43. bxa5 bxa5 44. Kb3 Nb4 45. Nxb4 axb4 46. Kxb4 Bf1 47. Kc5 Bc4 48. Nf3 Ke7 49. Nd2 Ba2 50. Kb4 Ke6 51. Ka3 Bc4 52. Nxc4 dxc4 53. Kb4 Kd5 54. Kc3 Kd6 55. Kxc4 Kc6 56. d5+ Kd6 57. Kd4 Kd7 58. Kc5 Kc7 59. d6+ Kd7 60. Kd5 Kd8 61. Kc6 Kc8 62. d7+ Kd8 63. f3 1-0

[Event "Pan American-ch U12 Girls"]
[Site "Santiago de Chile"]
[Date "2018.07.22"]
[Round "1"]
[White "Sagastegui, Thamara"]
[Black "Suarez Ardila, Luisa Maria"]
[Result "0-1"]
[WhiteElo "1075"]
[BlackElo "1475"]
[PlyCount "80"]
[EventDate "2018.07.22"]
[EventType "swiss"]
[EventRounds "9"]
[EventCountry "CHI"]
[SourceTitle "EXT 2022"]
[Source "ChessBase"]
[SourceDate "2021.10.06"]
[SourceVersion "1"]
[SourceVersionDate "2021.10.06"]
[SourceQuality "1"]

1. e4 c5 2. c3 g6 3. d4 cxd4 4. cxd4 Bg7 5. Nf3 e6 6. Nc3 Ne7 7. Bf4 a6 8. Qc1 0-0 9. Bh6 d5 10. Bxg7 Kxg7 11. e5 Nbc6 12. Qd2 Qb6 13. Na4 Qd8 14. Nc5 Nf5 15. Qc3 b6 16. Nxe6+ Bxe6 17. Qxc6 b5 18. Qc3 Rc8 19. Qd2 Rc7 20. Qf4 Rc2 21. b3 Qc7 22. Kd1 Rxf2 23. Rc1 Qa5 24. Rc2 Rxc2 25. Kxc2 Qxa2+ 26. Kd1 Qxb3+ 27. Ke1 Rc8 28. Kf2 Rc2+ 29. Kg1 Qe3+ 30. Qxe3 Nxe3 31. h3 b4 32. Rh2 b3 33. Ne1 Nxf1 34. Kxf1 b2 35. Nxc2 b1Q+ 36. Ne1 Bf5 37. Ke2 Qb2+ 38. Ke3 Qc3+ 39. Kf2 Qxd4+ 40. Ke2 Qxe5+ 0-1